Stochastic geometry : likelihood and computation
Saved in:
| Corporate Author: | |
|---|---|
| Other Authors: | , , |
| Format: | Book |
| Language: | English |
| Published: |
Boca Raton ; London :
Chapman & Hall,
c1999.
|
| Series: | Monographs on statistics and applied probability ;
80 |
| Subjects: | |
| Tags: |
Add Tag
No Tags, Be the first to tag this record!
|
MARC
| LEADER | 00000cam a2200000 i 4500 | ||
|---|---|---|---|
| 001 | 1/104349 | ||
| 008 | 000309s1999 enk ||| | eng|| | ||
| 020 | |a 0849303966 | ||
| 035 | |l 10058805 | ||
| 040 | |a GR-MyUA |b gre |e AACR2 | ||
| 041 | 0 | |a eng | |
| 082 | 0 | |a 519.2 | |
| 245 | 1 | 0 | |a Stochastic geometry : |b likelihood and computation / |c edited by O. Barndorff-Nielsen, W. Kendall, M. N. M. Lieshout. |
| 260 | |a Boca Raton ; London : |b Chapman & Hall, |c c1999. | ||
| 300 | |a xv, 404 σ. : |b εικ. ; |c 24 εκ. | ||
| 490 | 1 | |a (Monographs on statistics and applied probability) |v ; 80 | |
| 500 | |a Papers given at the third Seminaire Europien de Statistique on "Stochastic geometry, theory, and applications" held at the University Paul Sabatier, Toulouse, 13-18 May 1996 | ||
| 504 | |a Includes index | ||
| 650 | 0 | 0 | |a Stochastic geometry |x Congresses. |
| 700 | 1 | |a Barndorff-Nielsen, O. E. |q (Ole E.) |e edt | |
| 700 | 1 | |a Kendall, W. S. |e edt | |
| 700 | 1 | |a Van Lieshout, M. N. M. |e edt | |
| 710 | 2 | |a Seminaire Europeen de Statistique on "Stochastic geometry, theory, and applications". | |
| 830 | 0 | |a Monographs on statistics and applied probability ; |v 80 | |
| 852 | |a INST |b SAMOS |e 20000309 |h 519.2 STO |p 005300015460 |q 005300015460 |t BK |y 0 | ||
| 901 | |a BIBL3-2000-1 | ||
| 909 | |a Σ |b 067661 | ||
| 922 | |a 3ΕΛΗ |b 200002 |c ΕΠΕΑΕΚ/ΜΑΘ |d ΠΑΠΑΣΩΤΗΡΙΟΥ | ||
| 970 | |a ΓΕΝΟΥΖΟΥ |b ΧΡΥΣΑΝΘΗ |z 2000/03/09 | ||